| 000 | 00000nam##2200000za#4500 |
| 001 | 9.530473 |
| 003 | CaOODSP |
| 005 | 20200327083024 |
| 007 | ta |
| 008 | 150406|1998||||xxc||||| f|0| 0 fre|d |
| 020 | |a0-662-63436-5 |
| 040 | |aCaOODSP|bfre |
| 041 | |aeng |
| 041 | |afre |
| 043 | |an-cn--- |
| 086 | 1 |aC21-24/20-1998 |
| 110 | 1 |aCanada.|bIndustrie Canada. |bDirection de l'analyse micro-économique. |
| 245 | 10|aTechnologie de l'information et croissance de la productivité du travail : |banalyse empirique de la situation au Canada et aux États-Unis / |cpar Surendra Gera, Wulong Gu et Frank C. Lee. |
| 260 | |aOttawa - Ontario : |bIndustrie Canada. |c1998. |
| 300 | |aTexte français, 53p. : |btableaux ; |c28 cm. |
| 490 | 1 |aDocuments de travail|v20 |
| 500 | |a«Notre étude vise un double objectif: examiner le rapport entre les investissements en TI et la croissance de la productivité du travail; et analyser l'importance pour l'augmentation de la productivité du travail des retombées de la R-D nationale et internationale intégrée aux produits des TI.»--Page 2. |
| 504 | |aBibliographie. |
| 520 | 3 |aNotre étude vise un double objectif: examiner le rapport entre les investissements en TI et la croissance de la productivité du travail; et analyser l'importance pour l'augmentation de la productivité du travail des retombées de la R-D nationale et internationale intégrée aux produits des TI.--Page 2 |
| 546 | |aBilingue |
| 563 | |aCouverture souple |
| 590 | |a98-17|b1998-04-24 |
| 691 | 07|aTechnologie de l'information|2gcpds |
| 720 | 1 |aGera, Surendra |
| 720 | 1 |aGu, Wulong |
| 720 | 1 |aLee, Frank C. |
| 776 | 0#|tInformation technology and labour productivity growth : |w(CaOODSP)9.570587 |
| 776 | 0#|tTechnologie de l'information et croissance de la productivité du travail : |w(CaOODSP)9.601236 |
| 791 | |tInformation technology and labour productivity growth : |eeng|w(CaOODSP)9.530472 |
| 830 | #0|aDocuments de travail ;|v20|w(CaOODSP)9.509053 |